|
|
|
|
| LEADER |
00000nam0a2200000 4500 |
| 001 |
281632 |
| 005 |
20231101235424.0 |
| 035 |
|
|
|a (RuTPU)RU\TPU\book\305453
|
| 090 |
|
|
|a 281632
|
| 100 |
|
|
|a 20150124d1984 m y0rusy50 ca
|
| 101 |
1 |
|
|a rus
|c eng
|
| 102 |
|
|
|a RU
|
| 105 |
|
|
|a y z 000zy
|
| 200 |
1 |
|
|a Скрытый террор : правда о полицейских операциях США в Латинской Америке
|e пер. с англ.
|f Дж. Лэнггут
|
| 210 |
|
|
|a Москва
|c Прогресс
|d 1984
|
| 215 |
|
|
|a 319 с.
|
| 606 |
1 |
|
|a Американский империализм
|x Подрывная деятельность
|2 stltpush
|3 (RuTPU)RU\TPU\subj\28893
|9 52353
|
| 610 |
1 |
|
|a внешняя политика
|
| 610 |
1 |
|
|a Латинская Америка
|
| 610 |
1 |
|
|a полиция
|
| 610 |
1 |
|
|a ЦРУ
|
| 610 |
1 |
|
|a Соединенные Штаты Америки
|
| 610 |
1 |
|
|a Уругвай
|
| 610 |
1 |
|
|a Бразилия
|
| 686 |
|
|
|a Ф4(7США)5
|v LBC/SL-A
|2 rubbk
|
| 700 |
|
1 |
|a Лэнггут
|b Дж.
|
| 801 |
|
1 |
|a RU
|b 63413507
|c 20150124
|
| 801 |
|
2 |
|a RU
|b 63413507
|c 20170718
|g RCR
|
| 942 |
|
|
|c BK
|